000 00976njm a22002657a 4500
005 20100914152621.0
007 sd ammalaaahaa
008 100913t xxu||||| |||| 00| 0 hin d
028 _aECSD 2825
_bEMI
035 _aGR-07847
040 _aSED/VEN
100 _aHari Om Sharan
_91184
245 _aShri Krishana charit manas /
_cby Hair Om Sharan ; Music by Raghnath Seth
_h[sound recording] :
246 _aश्री क्रिशन चरित मानस /
260 _aDum Dum India
_bEMI
_c1979
300 _a1 sound disc [Gramophone record] :
_banalog, 33 1/3 rpm
_c12.5 in. (LP)
_fGramophone Record
500 _aBrief Record
500 _aRecord label :EMI, Red
505 _aSide-1 Shri Krishan charit manas
600 _aHari Om Sharan
_919992
650 _aDevotional
_xExcerpts
_zIndia
_919603
700 _919605
_aRaghnath Seth
942 _2ddc
_cGR
999 _c47378
_d47378